E K Mawlong: (Record no. 190029)

MARC details
000 -LEADER
fixed length control field 00568nam a22001817a 4500
005 - DATE AND TIME OF LATEST TRANSACTION
control field 20220715164202.0
010 ## - LCCN (DPL NO)
LC control number ENG-133614
020 ## - INTERNATIONAL STANDARD BOOK NUMBER
Terms of availability 595.00
International Standard Book Number 9789390961047
035 ## - SYSTEM CONTROL NUMBER
System control number EN-117146
037 ## - SOURCE OF ACQUISITION
Source of stock number/acquisition DBAD/PUB
082 ## - DEWEY DECIMAL CLASSIFICATION NUMBER
Classification number 920
100 ## - MAIN ENTRY--PERSONAL NAME
Personal name Lyngdoh,Ferdinand Banshanlang
245 ## - TITLE STATEMENT
Title E K Mawlong:
Statement of responsibility, etc by Ferdinand Banshanlang Lyngdoh
Remainder of title A political biography/
260 ## - PUBLICATION, DISTRIBUTION, ETC. (IMPRINT)
Place of publication, distribution, etc New Delhi
Date of publication, distribution, etc 2022
Name of publisher, distributor, etc Vitasta Publishing
270 ## - ADDRESS
Address 2/15 Ansari Road,Daryaganj,
City New Delhi
Postal code 110002
300 ## - PHYSICAL DESCRIPTION
Extent xxv;241p.:
Dimensions 24cm(Hb)
Other physical details ill
942 ## - ADDED ENTRY ELEMENTS (KOHA)
Source of classification or shelving scheme Dewey Decimal Classification
Item type English Books
Classification part 920
Call number suffix LYN
Holdings
Withdrawn status Lost status Not for loan Collection code Home library Current library Date acquired Source of acquisition Cost, normal purchase price Full call number Barcode Copy number Cost, replacement price Koha item type
      Non-fiction Bawana Bawana 15/07/2022 DBAD/PUB 595.00 920 LYN EN-117146 1 595.00 English Books

© Delhi Public Library
Hit Counter
free hit counter